Normale Ansicht MARC-Ansicht ISBD

The Socialized Agriculture of the USSR : (Titelsatznr. 9252)

[ MARC ]
MARC-Details
000 -Satzkennung
Kontrollfeld mit fester Länge 00428nam a22001691c 4500
001 - Kontrollnummer
Kontrollfeld a987684374
008 - Feld mit fester Länge zur physischen Beschreibung - Allgemeine Angaben
Kontrollfeld mit fester Länge 051003s1949 gw |||| 000u eng d
041 ## - Sprachcode
Sprachcode des Textes/der Tonspur oder des separaten Titels eng
040 ## - Katalogisierungsquelle
Übertragungsstelle RU-10907106
003 - Kontrollnummer Identifier
Kontrollfeld RU-10907106
100 1# - Haupteintragung - Personenname
Personenname Jasny, Naum
245 04 - Titel
Titel The Socialized Agriculture of the USSR :
Zusatz zum Titel Plans and Performance
264 ## - Produktion, Veröffentlichung, Distribution, Herstellung und Urheberrechtsvermerk
Herstellungs-, Veröffentlichungs- Vertriebs-, Erzeugungsort Stanford,
Datum der Herstellung, der Veröffentlichung, des Vertriebs oder des Urheberschutzvermerks 1949
300 ## - Physische Beschreibung
Umfang 837 S. Oln.
710 2# - Nebeneintragung - Körperschaftsname
Körperschafts- oder Gebietskörperschaftsname als Eintragungselement Food research institute
942 ## - Zusätzliche Felder (Koha)
Koha-Medientyp Monographien
Exemplare
Ausgeschieden Verloren Klassifikation oder Aufstellungssystematik Beschädigt Nicht entleihbar Heimatbibliothek Aufenthaltsbibliothek Aufstellungsort Erwerbungsdatum Inventarnummer Signatur Barcode Letzte Aktivität Preis gültig von Koha-Medientyp
    Andere/Generische Klassifikation     MWN Osteuropa MWN Osteuropa Magazin - 2 03/10/2005 05-02064 R 63 p Jas E00401506CBE18BB 22/02/2021 22/03/2021 Monographien